[Event "28. Abierto Ciudad de Sevilla"]
[Site "Sevilla ESP"]
[Date "2003.01.11"]
[Round "2"]
[White "Rizouk, Aimen"]
[Black "Ramos Suria, Felix"]
[Result "1-0"]
[WhiteElo "2519"]
[BlackElo "2127"]
[PlyCount "77"]
[EventDate "2003.01.18"]
[EventType "swiss"]
[EventRounds "9"]
[EventCountry "ESP"]
[Source "lmi"]
[SourceDate "2003.01.10"]

1. e4 c5 2. Nf3 Nf6 3. e5 Nd5 4. Nc3 e6 5. Ne4 f5 6. Nc3 Nxc3 7. dxc3 d5 8.
exd6 Qxd6 9. Qe2 Nc6 10. g3 Be7 11. Bf4 Qd8 12. Qe3 O-O 13. Bc4 Rf6 14. Bg5 Rg6
15. Bxe7 Qxe7 16. O-O-O Na5 17. Be2 Nc6 18. Bb5 Bd7 19. Rhe1 Rc8 20. Rxd7 Qxd7
21. Ne5 Qe8 22. Nxg6 Qxg6 23. Qxe6+ Qxe6 24. Rxe6 Kf7 25. Bc4 Kf8 26. Bd5 Nd8
27. Re5 g6 28. a4 b6 29. f4 Nf7 30. Re6 Re8 31. Rf6 Re7 32. Kd2 Kg7 33. Rxf7+
Rxf7 34. Bxf7 Kxf7 35. Kd3 Ke6 36. Kc4 Kd6 37. Kb5 Kc7 38. Ka6 Kb8 39. a5 1-0

[Event "28. Abierto Ciudad de Sevilla"]
[Site "Sevilla ESP"]
[Date "2003.01.11"]
[Round "2"]
[White "Barrera Martinez, Francisco"]
[Black "Pogorelov, Ruslan"]
[Result "0-1"]
[WhiteElo "2101"]
[BlackElo "2517"]
[PlyCount "60"]
[EventDate "2003.01.18"]
[EventType "swiss"]
[EventRounds "9"]
[EventCountry "ESP"]
[Source "lmi"]
[SourceDate "2003.01.10"]

1. d4 Nf6 2. c4 e6 3. Nc3 Bb4 4. Qc2 O-O 5. a3 Bxc3+ 6. Qxc3 Ne4 7. Qc2 f5 8.
g3 b6 9. Bg2 Bb7 10. Nf3 Nf6 11. O-O Be4 12. Qc3 Nc6 13. Rd1 Ne7 14. b4 Qe8 15.
Bb2 Qh5 16. Bf1 f4 17. d5 fxg3 18. hxg3 exd5 19. Bg2 c6 20. cxd5 Nexd5 21. Qd4
Rae8 22. Ne5 c5 23. bxc5 bxc5 24. Qc4 Rxe5 25. Bxe5 Ng4 26. Qxe4 Nde3 27. Qxe3
Qh2+ 28. Kf1 Nxe3+ 29. Ke1 Qxg2 30. fxe3 Rf1+ 0-1

[Event "28. Abierto Ciudad de Sevilla"]
[Site "Sevilla ESP"]
[Date "2003.01.11"]
[Round "2"]
[White "Cifuentes Parada, Roberto"]
[Black "Perez Garcia, Roberto"]
[Result "1-0"]
[WhiteElo "2506"]
[BlackElo "2098"]
[PlyCount "91"]
[EventDate "2003.01.18"]
[EventType "swiss"]
[EventRounds "9"]
[EventCountry "ESP"]
[Source "lmi"]
[SourceDate "2003.01.10"]

1. d4 Nf6 2. Nf3 c5 3. c3 cxd4 4. cxd4 d5 5. Nc3 Nc6 6. Bf4 g6 7. e3 Ne4 8.
Nxe4 dxe4 9. Nd2 Qa5 10. a3 Bg7 11. Rc1 Qf5 12. Rc5 e5 13. Nc4 O-O 14. Nxe5 Rd8
15. Nxc6 Qxc5 16. Nxd8 Qa5+ 17. Qd2 Qxd8 18. Bc4 Bf5 19. O-O g5 20. Bg3 h5 21.
h3 h4 22. Bh2 Rc8 23. Rc1 Qd7 24. Bf1 Rxc1 25. Qxc1 a6 26. Qc5 Bf8 27. Qb6 Be6
28. Be5 Bg7 29. Bxg7 Kxg7 30. Qc5 Qd5 31. Qc7 Qb3 32. Qe5+ Kg6 33. Qxe4+ Bf5
34. Qe7 Bd3 35. Bxd3+ Qxd3 36. Qxb7 Qd1+ 37. Kh2 Qe2 38. Qe4+ Kg7 39. Qf5 f6
40. e4 Qxb2 41. e5 Qb6 42. Qxf6+ Qxf6 43. exf6+ Kxf6 44. g3 Kf5 45. gxh4 gxh4
46. f3 1-0

[Event "28. Abierto Ciudad de Sevilla"]
[Site "Sevilla ESP"]
[Date "2003.01.11"]
[Round "2"]
[White "Carrabeo Garcia, Manuel"]
[Black "Campora Perez, Daniel"]
[Result "0-1"]
[WhiteElo "2083"]
[BlackElo "2505"]
[PlyCount "96"]
[EventDate "2003.01.18"]
[EventType "swiss"]
[EventRounds "9"]
[EventCountry "ESP"]
[Source "lmi"]
[SourceDate "2003.01.10"]

1. d4 Nf6 2. Nf3 e6 3. e3 b6 4. c4 Bb7 5. a3 d5 6. Nc3 Be7 7. Bd3 O-O 8. O-O c5
9. Qe2 Nc6 10. Rd1 cxd4 11. exd4 dxc4 12. Bxc4 Na5 13. Ba2 Nd5 14. Ne4 Rc8 15.
b4 Nc6 16. Bb2 Kh8 17. Rac1 Nb8 18. Bb1 f5 19. Ned2 Rxc1 20. Rxc1 Nf4 21. Qf1
Nd7 22. g3 Qa8 23. Rc3 Nd5 24. Rc1 Rc8 25. Qd3 Rxc1+ 26. Bxc1 Qc8 27. Bb2 Kg8
28. Ba2 Nf8 29. Ne5 Qe8 30. Qe2 Bf6 31. Ndc4 Qb5 32. Qd1 Be7 33. a4 Qe8 34. b5
a6 35. bxa6 Bxa6 36. Ne3 Nxe3 37. fxe3 Bg5 38. Kf2 Bb7 39. Bc4 Qd8 40. Qb3 Bd5
41. Bxd5 exd5 42. Nc6 Qd6 43. Qxb6 Qe6 44. Bc1 Qe4 45. Qc5 Nd7 46. Qa5 Qc2+ 47.
Bd2 Qxc6 48. Qb4 Kf7 0-1

[Event "28. Abierto Ciudad de Sevilla"]
[Site "Sevilla ESP"]
[Date "2003.01.11"]
[Round "2"]
[White "Li, Wenliang"]
[Black "Ramirez Guerrero, Enrique"]
[Result "1-0"]
[WhiteElo "2497"]
[BlackElo "2078"]
[PlyCount "47"]
[EventDate "2003.01.18"]
[EventType "swiss"]
[EventRounds "9"]
[EventCountry "ESP"]
[Source "lmi"]
[SourceDate "2003.01.10"]

1. d4 e6 2. c4 f5 3. g3 Nf6 4. Bg2 Be7 5. Nf3 O-O 6. O-O d6 7. Nc3 Ne4 8. Qc2
Nxc3 9. Qxc3 Bf6 10. b4 Qe7 11. Bb2 Nc6 12. b5 Nd8 13. Qb3 Nf7 14. Rfe1 e5 15.
e4 g6 16. dxe5 dxe5 17. Ba3 Qe8 18. Bxf8 Qxf8 19. c5 fxe4 20. Nd2 e3 21. fxe3
Qxc5 22. Ne4 Qb6 23. Nxf6+ Qxf6 24. Rf1 1-0

[Event "28. Abierto Ciudad de Sevilla"]
[Site "Sevilla ESP"]
[Date "2003.01.11"]
[Round "2"]
[White "Gomez Feria, Jose Maria"]
[Black "Cheparinov, Ivan"]
[Result "0-1"]
[WhiteElo "2064"]
[BlackElo "2478"]
[PlyCount "74"]
[EventDate "2003.01.18"]
[EventType "swiss"]
[EventRounds "9"]
[EventCountry "ESP"]
[Source "lmi"]
[SourceDate "2003.01.10"]

1. Nf3 c5 2. c4 Nc6 3. Nc3 g6 4. g3 Bg7 5. Bg2 e5 6. d3 d6 7. O-O Nge7 8. a3
O-O 9. Bd2 a5 10. Rb1 Rb8 11. Nb5 d5 12. cxd5 Nxd5 13. Qc1 b6 14. Bh6 f6 15.
Bxg7 Kxg7 16. Qd2 Be6 17. Rbc1 Nd4 18. Nbxd4 exd4 19. Rfd1 a4 20. e3 dxe3 21.
fxe3 Nc7 22. Qf2 Bb3 23. Rd2 Qe7 24. Bf1 Rbd8 25. d4 Bd5 26. dxc5 bxc5 27. Rdc2
Ne6 28. Bc4 Be4 29. Re2 Ng5 30. Nxg5 fxg5 31. Qe1 Qd7 32. Qc3+ Kh6 33. Rce1 Qg4
34. Rg2 Bxg2 35. Qe5 Qf3 36. h4 Qf2+ 37. Kh2 Bf3+ 0-1

[Event "28. Abierto Ciudad de Sevilla"]
[Site "Sevilla ESP"]
[Date "2003.01.11"]
[Round "2"]
[White "Mellado Triviño, Juan"]
[Black "Draghici Flutur, Gavril"]
[Result "1-0"]
[WhiteElo "1922"]
[BlackElo "2062"]
[PlyCount "33"]
[EventDate "2003.01.18"]
[EventType "swiss"]
[EventRounds "9"]
[EventCountry "ESP"]
[Source "lmi"]
[SourceDate "2003.01.10"]

1. d4 f5 2. Bg5 g6 3. Nd2 Bg7 4. e4 fxe4 5. Nxe4 Nc6 6. d5 Ne5 7. Nf3 Nxf3+ 8.
Qxf3 Nf6 9. Nxf6+ exf6 10. Be3 d6 11. h4 O-O 12. h5 f5 13. hxg6 hxg6 14. O-O-O
Bd7 15. Qf4 Qe7 16. Bd4 Qe4 17. Qh2 1-0

[Event "28. Abierto Ciudad de Sevilla"]
[Site "Sevilla ESP"]
[Date "2003.01.11"]
[Round "2"]
[White "Vela Ignacio, Jose Manuel"]
[Black "Matamoros Franco, Carlos S"]
[Result "0-1"]
[WhiteElo "2059"]
[BlackElo "2460"]
[PlyCount "98"]
[EventDate "2003.01.18"]
[EventType "swiss"]
[EventRounds "9"]
[EventCountry "ESP"]
[Source "lmi"]
[SourceDate "2003.01.10"]

1. e4 e6 2. d3 d5 3. Nd2 Nf6 4. Ngf3 c5 5. g3 Nc6 6. Bg2 Be7 7. O-O O-O 8. e5
Nd7 9. Re1 b5 10. Nf1 a5 11. h4 b4 12. Bf4 Ba6 13. Ng5 Qe8 14. Ne3 Nb6 15. Qh5
Bxg5 16. hxg5 f5 17. Qh3 d4 18. Bxc6 Qxc6 19. Ng2 Bb7 20. Nh4 g6 21. f3 c4 22.
Re2 Qd7 23. Rh2 Qg7 24. Qf1 Rac8 25. a3 c3 26. b3 bxa3 27. Rxa3 Ra8 28. Qa1 Nd5
29. Rxa5 Qc7 30. Ra4 Bc6 31. Rxa8 Rxa8 32. Qf1 Ra2 33. Re2 Qa7 34. Qf2 Nb4 35.
Ng2 Bd5 36. Ne1 Nc6 37. Kh2 Qe7 38. Kh3 h6 39. g4 hxg5 40. Bh2 Qh7+ 41. Kg3
Qh4+ 42. Kg2 Qxg4+ 43. Qg3 Qh5 44. Qh3 g4 45. Qxh5 gxh5 46. Bg1 gxf3+ 47. Nxf3
Nb4 48. Bxd4 Nxc2 49. Bxc3 Ne1+ 0-1

[Event "28. Abierto Ciudad de Sevilla"]
[Site "Sevilla ESP"]
[Date "2003.01.11"]
[Round "2"]
[White "Ivanov, Jordan"]
[Black "Pereira Figueroa, Manuel"]
[Result "1-0"]
[WhiteElo "2446"]
[BlackElo "2060"]
[PlyCount "83"]
[EventDate "2003.01.18"]
[EventType "swiss"]
[EventRounds "9"]
[EventCountry "ESP"]
[Source "lmi"]
[SourceDate "2003.01.10"]

1. d4 Nf6 2. c4 g6 3. Nc3 Bg7 4. e4 d6 5. Bd3 O-O 6. Nge2 e5 7. d5 a5 8. O-O
Na6 9. f3 Ne8 10. Be3 f5 11. exf5 Bxf5 12. Ne4 Nf6 13. N2g3 Bxe4 14. Bxe4 Nc5
15. Qc2 Nfxe4 16. Nxe4 Nxe4 17. Qxe4 b6 18. b3 Qd7 19. a3 Qf5 20. g4 Qxe4 21.
fxe4 Bf6 22. Kg2 Kg7 23. Rf3 h6 24. Raf1 Bg5 25. Rxf8 Rxf8 26. Rxf8 Kxf8 27.
Bxg5 hxg5 28. Kf3 Kf7 29. b4 axb4 30. axb4 Kf6 31. Ke3 Ke7 32. Kd3 Kd7 33. Kc3
c6 34. dxc6+ Kxc6 35. Kb3 Kb7 36. Ka4 Kc6 37. h3 Kc7 38. Kb5 Kb7 39. c5 bxc5
40. bxc5 Kc7 41. cxd6+ Kxd6 42. Kb6 1-0

[Event "28. Abierto Ciudad de Sevilla"]
[Site "Sevilla ESP"]
[Date "2003.01.11"]
[Round "2"]
[White "Rincon Carrillo, Ricardo"]
[Black "Saldaño Dayer, Horacio"]
[Result "0-1"]
[WhiteElo "2058"]
[BlackElo "2442"]
[PlyCount "50"]
[EventDate "2003.01.18"]
[EventType "swiss"]
[EventRounds "9"]
[EventCountry "ESP"]
[Source "lmi"]
[SourceDate "2003.01.10"]

1. d4 Nf6 2. c4 e6 3. Nc3 Bb4 4. Qc2 c5 5. dxc5 Na6 6. Bd2 Nxc5 7. O-O-O O-O 8.
f3 d5 9. a3 Bxc3 10. Bxc3 Bd7 11. b4 Ba4 12. Qb2 Bxd1 13. bxc5 dxc4 14. e4 Bb3
15. Be2 Nd7 16. Nh3 e5 17. f4 Nxc5 18. Bxe5 f6 19. Bd4 Na4 20. Qa1 c3 21. Be3
Qe7 22. Nf2 Rfd8 23. g4 Rac8 24. h4 c2 25. g5 Rd1+ 0-1

[Event "28. Abierto Ciudad de Sevilla"]
[Site "Sevilla ESP"]
[Date "2003.01.12"]
[Round "3"]
[White "Fernandez Romero, Ernesto"]
[Black "Tiviakov, Sergei"]
[Result "1/2-1/2"]
[WhiteElo "2396"]
[BlackElo "2635"]
[PlyCount "45"]
[EventDate "2003.01.18"]
[EventType "swiss"]
[EventRounds "9"]
[EventCountry "ESP"]
[Source "lmi"]
[SourceDate "2003.01.10"]

1. e4 c5 2. Nf3 d6 3. d4 cxd4 4. Nxd4 Nf6 5. Nc3 g6 6. Be3 Bg7 7. f3 Nc6 8. Qd2
O-O 9. O-O-O d5 10. exd5 Nxd5 11. Nxc6 bxc6 12. Bd4 Bxd4 13. Qxd4 Qc7 14. Bc4
Nb6 15. Be2 Be6 16. Qc5 Rfb8 17. g3 a5 18. a4 Nd7 19. Qxe7 Qb6 20. Qa3 Qe3+ 21.
Rd2 Nc5 22. Ne4 Qxa3 23. bxa3 1/2-1/2

[Event "28. Abierto Ciudad de Sevilla"]
[Site "Sevilla ESP"]
[Date "2003.01.12"]
[Round "3"]
[White "Lalic, Bogdan"]
[Black "Wang, Yu"]
[Result "1/2-1/2"]
[WhiteElo "2547"]
[BlackElo "2359"]
[PlyCount "75"]
[EventDate "2003.01.18"]
[EventType "swiss"]
[EventRounds "9"]
[EventCountry "ESP"]
[Source "lmi"]
[SourceDate "2003.01.10"]

1. d4 d5 2. c4 Nc6 3. Nf3 Bg4 4. cxd5 Bxf3 5. gxf3 Qxd5 6. e3 e6 7. Nc3 Qh5 8.
Bg2 O-O-O 9. f4 Qxd1+ 10. Kxd1 Nge7 11. Ke2 g6 12. Ne4 h6 13. Bd2 Nd5 14. Rhc1
Nce7 15. Nc5 Nf5 16. Nd3 Be7 17. Rc4 Nh4 18. Bh1 f5 19. Rac1 Bd6 20. h3 Rhg8
21. b4 g5 22. fxg5 hxg5 23. Nc5 Bxc5 24. dxc5 e5 25. Bxd5 Rxd5 26. e4 fxe4 27.
Rxe4 Nf5 28. Bc3 Nd4+ 29. Bxd4 exd4 30. Rd1 Rgd8 31. Rd3 a5 32. a3 Kb8 33. Rf3
d3+ 34. Kd2 axb4 35. axb4 Rd4 36. Rxd4 Rxd4 37. b5 Rb4 38. Rf8+ 1/2-1/2

[Event "28. Abierto Ciudad de Sevilla"]
[Site "Sevilla ESP"]
[Date "2003.01.12"]
[Round "3"]
[White "Happel, Hendrik A"]
[Black "Mellado Triviño, Juan"]
[Result "0-1"]
[WhiteElo "2251"]
[BlackElo "1922"]
[PlyCount "81"]
[EventDate "2003.01.18"]
[EventType "swiss"]
[EventRounds "9"]
[EventCountry "ESP"]
[Source "lmi"]
[SourceDate "2003.01.10"]

1. d4 d5 2. c4 dxc4 3. e4 Nf6 4. e5 Nd5 5. Bxc4 Nc6 6. Nf3 Bg4 7. Nc3 e6 8. Bb5
Bb4 9. Bd2 Nde7 10. Bg5 Bxf3 11. gxf3 Qd5 12. Qd3 a6 13. Ke2 Bxc3 14. Bxc6+
Nxc6 15. bxc3 f6 16. Bf4 fxe5 17. dxe5 O-O 18. Qxd5 exd5 19. Bg3 Nxe5 20. Rhd1
c6 21. Bxe5 Rae8 22. Rd3 Rxe5+ 23. Re3 Rh5 24. Rg1 g6 25. Re7 Rf7 26. Rxf7 Kxf7
27. Rb1 b5 28. Rb3 Rh4 29. Ke3 Ra4 30. Rb2 Ke6 31. Kd3 c5 32. Re2+ Kd6 33. Re8
Rxa2 34. Rd8+ Ke5 35. Re8+ Kf6 36. Rc8 c4+ 37. Kd4 Rxf2 38. Kxd5 Kg5 39. Ke4
Re2+ 40. Kd4 Rxh2 41. Rc6 0-1

[Event "28. Abierto Ciudad de Sevilla"]
[Site "Sevilla ESP"]
[Date "2003.01.12"]
[Round "3"]
[White "Ruan, Lufei"]
[Black "Ivanov, Jordan"]
[Result "1-0"]
[WhiteElo "2246"]
[BlackElo "2446"]
[PlyCount "59"]
[EventDate "2003.01.18"]
[EventType "swiss"]
[EventRounds "9"]
[EventCountry "ESP"]
[Source "lmi"]
[SourceDate "2003.01.10"]

1. e4 c5 2. Nf3 e6 3. d4 cxd4 4. Nxd4 Nf6 5. Nc3 d6 6. Be2 Be7 7. O-O Nc6 8.
Be3 Bd7 9. Ndb5 Qb8 10. a4 O-O 11. f4 Rd8 12. Bf3 Be8 13. Qe2 a6 14. Na3 d5 15.
exd5 exd5 16. Bb6 Rd7 17. Rad1 d4 18. Ncb1 Nd5 19. Bxd5 Rxd5 20. c3 Bf6 21. Nc4
Ne7 22. Bxd4 Bxd4+ 23. cxd4 Qd8 24. Nc3 Rxd4 25. Qe3 Nf5 26. Qe5 g6 27. Nd5 Qb8
28. Ne7+ Kf8 29. Qh8+ Kxe7 30. Rfe1+ 1-0

[Event "28. Abierto Ciudad de Sevilla"]
[Site "Sevilla ESP"]
[Date "2003.01.12"]
[Round "3"]
[White "Van der Plas, Rob"]
[Black "Valdes, Leonardo"]
[Result "0-1"]
[WhiteElo "2217"]
[BlackElo "2407"]
[PlyCount "54"]
[EventDate "2003.01.18"]
[EventType "swiss"]
[EventRounds "9"]
[EventCountry "ESP"]
[Source "lmi"]
[SourceDate "2003.01.10"]

1. d4 Nf6 2. c4 g6 3. Nc3 Bg7 4. e4 d6 5. f4 O-O 6. Nf3 c5 7. d5 e6 8. Be2 exd5
9. cxd5 Bg4 10. O-O Nbd7 11. Qc2 Re8 12. h3 Bxf3 13. Bxf3 Qa5 14. a4 c4 15. Be3
a6 16. g4 Nc5 17. g5 Nfd7 18. Ne2 Nd3 19. Nd4 Nxf4 20. Bg4 Nxd5 21. Qf2 Nxe3
22. Qxf7+ Kh8 23. Nf5 gxf5 24. exf5 Nxg4 25. hxg4 Qc5+ 26. Rf2 Ne5 27. Qh5 Nd3
0-1

[Event "28. Abierto Ciudad de Sevilla"]
[Site "Sevilla ESP"]
[Date "2003.01.12"]
[Round "3"]
[White "Estremera Panos, Sergio"]
[Black "Mirzoev, Azer"]
[Result "0-1"]
[WhiteElo "2354"]
[BlackElo "2533"]
[PlyCount "120"]
[EventDate "2003.01.18"]
[EventType "swiss"]
[EventRounds "9"]
[EventCountry "ESP"]
[Source "lmi"]
[SourceDate "2003.01.10"]

1. d4 Nf6 2. c4 e6 3. Nc3 d5 4. Bg5 Nbd7 5. e3 c6 6. Nf3 Be7 7. Qc2 O-O 8. Rd1
h6 9. Bh4 a6 10. a3 b5 11. c5 Nh5 12. Bxe7 Qxe7 13. Be2 a5 14. Ne5 Nxe5 15.
dxe5 b4 16. Na4 g6 17. Nb6 Ra7 18. Bxh5 gxh5 19. O-O Ba6 20. Rfe1 bxa3 21. bxa3
Kh8 22. e4 Rg8 23. f4 Qh4 24. Qf2 Qg4 25. exd5 cxd5 26. c6 Rc7 27. Nd7 Rgc8 28.
Nf6 Qf5 29. Rc1 Bc4 30. Qh4 Rxc6 31. Nxh5 d4 32. Nf6 Qg6 33. Rcd1 Bb5 34. Rxd4
Rc2 35. Ng4 Bc6 36. Rd8+ Rxd8 37. Qxd8+ Kg7 38. Qf6+ Qxf6 39. exf6+ Kg8 40. Ne3
Rc3 41. f5 h5 42. fxe6 fxe6 43. a4 Kf7 44. Re2 Kxf6 45. Rc2 Rxc2 46. Nxc2 Bxa4
47. Na3 Bc6 48. Kf2 a4 49. g3 Kf5 50. Ke3 e5 51. h3 Kf6 52. Nc4 Bd5 53. Na3 Bg2
54. h4 Bd5 55. Nc2 Ke6 56. Na3 Bc6 57. Kd3 Kd5 58. Nc2 Bd7 59. Ne3+ Kc5 60. Kc3
Be6 0-1

[Event "28. Abierto Ciudad de Sevilla"]
[Site "Sevilla ESP"]
[Date "2003.01.12"]
[Round "3"]
[White "Pogorelov, Ruslan"]
[Black "Zhou, Wile"]
[Result "1-0"]
[WhiteElo "2517"]
[BlackElo "2353"]
[PlyCount "101"]
[EventDate "2003.01.18"]
[EventType "swiss"]
[EventRounds "9"]
[EventCountry "ESP"]
[Source "lmi"]
[SourceDate "2003.01.10"]

1. Nf3 c5 2. c4 Nc6 3. d4 cxd4 4. Nxd4 g6 5. e4 Nf6 6. Nc3 Nxd4 7. Qxd4 d6 8.
Bg5 Bg7 9. Qd2 Be6 10. Rc1 O-O 11. b3 Qa5 12. Bd3 Rfc8 13. Nd5 Qxd2+ 14. Kxd2
Bxd5 15. exd5 h6 16. Bf4 Ng4 17. f3 Be5 18. Bg3 Bxg3 19. hxg3 Nf6 20. Rxh6 Kg7
21. Rhh1 a5 22. g4 Rh8 23. Rce1 Rxh1 24. Rxh1 Nd7 25. g5 Nc5 26. Re1 Re8 27. f4
e6 28. dxe6 fxe6 29. Bc2 Rh8 30. a3 Kf7 31. b4 axb4 32. axb4 Na6 33. Kc3 Rh4
34. Be4 Rxf4 35. Bxb7 Nc7 36. Rh1 Kg7 37. Rd1 d5 38. cxd5 exd5 39. Bxd5 Nb5+
40. Kb3 Nd4+ 41. Ka4 Nc2 42. Rb1 Kf8 43. Bf3 Ke7 44. Ka5 Na3 45. Rc1 Nc4+ 46.
Ka6 Nd6 47. b5 Rb4 48. Bc6 Rb2 49. Re1+ Kd8 50. Kb6 Nc8+ 51. Kb7 1-0

[Event "28. Abierto Ciudad de Sevilla"]
[Site "Sevilla ESP"]
[Date "2003.01.12"]
[Round "3"]
[White "Campora Perez, Daniel"]
[Black "Marchand, Francois"]
[Result "1/2-1/2"]
[WhiteElo "2505"]
[BlackElo "2280"]
[PlyCount "82"]
[EventDate "2003.01.18"]
[EventType "swiss"]
[EventRounds "9"]
[EventCountry "ESP"]
[Source "lmi"]
[SourceDate "2003.01.10"]

1. e4 c6 2. d4 d5 3. Nc3 dxe4 4. Nxe4 Bf5 5. Ng3 Bg6 6. Nh3 Nf6 7. Nf4 e5 8.
Nxg6 hxg6 9. dxe5 Qa5+ 10. Bd2 Qxe5+ 11. Qe2 Qxe2+ 12. Bxe2 Bc5 13. O-O O-O 14.
Rad1 Nbd7 15. b4 Bb6 16. Bf4 Rfe8 17. c4 Nf8 18. c5 Ne6 19. Bd6 Bc7 20. Bc4
Rad8 21. f4 Bxd6 22. cxd6 g5 23. fxg5 Nxg5 24. Rd4 Re5 25. Bb3 Nd5 26. Rf5 Rxf5
27. Nxf5 g6 28. Ne7+ Kf8 29. Nxd5 cxd5 30. Rxd5 Ne4 31. d7 Nf6 32. Ra5 a6 33.
b5 axb5 34. Rxb5 Rxd7 35. h3 Ne4 36. Re5 f5 37. g4 Re7 38. Rxe7 Kxe7 39. gxf5
gxf5 40. Bc2 Nc3 41. a3 Nb5 1/2-1/2

[Event "28. Abierto Ciudad de Sevilla"]
[Site "Sevilla ESP"]
[Date "2003.01.12"]
[Round "3"]
[White "Saldaño Dayer, Horacio"]
[Black "Giese, Reinhard"]
[Result "1-0"]
[WhiteElo "2442"]
[BlackElo "2216"]
[PlyCount "79"]
[EventDate "2003.01.18"]
[EventType "swiss"]
[EventRounds "9"]
[EventCountry "ESP"]
[Source "lmi"]
[SourceDate "2003.01.10"]

1. d4 d5 2. c4 e6 3. Nf3 c6 4. Nbd2 Nf6 5. g3 Be7 6. Bg2 O-O 7. O-O c5 8. b3
Ne4 9. Bb2 f5 10. cxd5 exd5 11. dxc5 Bxc5 12. Rc1 Na6 13. e3 Be6 14. Nd4 Qe7
15. Nxe6 Qxe6 16. Nf3 Rad8 17. Nd4 Qe7 18. Qh5 g6 19. Qe2 Rf7 20. Ba1 Ba3 21.
Rcd1 Nc7 22. Nb5 Nxb5 23. Qxb5 Qc5 24. Qxc5 Bxc5 25. Rd3 Rfd7 26. Rfd1 Kf7 27.
g4 Ke6 28. gxf5+ gxf5 29. f3 Nf6 30. Bh3 Ng8 31. Kf1 Ne7 32. Bd4 Bd6 33. Kg2
Rg8+ 34. Kh1 b6 35. e4 dxe4 36. fxe4 Rc7 37. exf5+ Kf7 38. Bxb6 axb6 39. Rxd6
Rc2 40. f6 1-0

[Event "28. Abierto Ciudad de Sevilla"]
[Site "Sevilla ESP"]
[Date "2003.01.12"]
[Round "3"]
[White "Oliva del Amo, Antonio J"]
[Black "Candela Perez, Jose"]
[Result "0-1"]
[WhiteElo "2229"]
[BlackElo "2432"]
[PlyCount "74"]
[EventDate "2003.01.18"]
[EventType "swiss"]
[EventRounds "9"]
[EventCountry "ESP"]
[Source "lmi"]
[SourceDate "2003.01.10"]

1. b3 d5 2. Bb2 Bf5 3. e3 e6 4. f4 Nf6 5. Nf3 Bd6 6. Be2 h6 7. O-O O-O 8. Ne5
c6 9. Bf3 Qb6 10. d4 a5 11. c4 Qa7 12. Nc3 Nbd7 13. Nxd7 Nxd7 14. e4 dxe4 15.
Bxe4 Bxe4 16. Nxe4 Be7 17. Kh1 Nf6 18. Qe2 Nxe4 19. Qxe4 Bf6 20. Rad1 a4 21. f5
Rfe8 22. fxe6 Rxe6 23. Qg4 Rae8 24. Ba1 axb3 25. axb3 Qa2 26. d5 Re4 27. Qf5
Qxb3 28. Bxf6 Qxd1 29. Bc3 Qg4 30. Qxf7+ Kh7 31. d6 Re2 32. Qf3 Qxf3 33. gxf3
Rc2 34. Ba5 Ree2 35. Re1 Rxe1+ 36. Bxe1 Rc1 37. Kg2 Rxe1 0-1

[Event "28. Abierto Ciudad de Sevilla"]
[Site "Sevilla ESP"]
[Date "2003.01.12"]
[Round "3"]
[White "Zhao, Jun"]
[Black "Bernard, Jacques"]
[Result "1-0"]
[WhiteElo "2421"]
[BlackElo "2201"]
[PlyCount "49"]
[EventDate "2003.01.18"]
[EventType "swiss"]
[EventRounds "9"]
[EventCountry "ESP"]
[Source "lmi"]
[SourceDate "2003.01.10"]

1. d4 Nf6 2. c4 g6 3. Nc3 d5 4. Nf3 Bg7 5. Qb3 dxc4 6. Qxc4 O-O 7. e4 Nc6 8.
Be2 Nd7 9. Be3 Nb6 10. Qc5 Nd7 11. Qg5 e5 12. Qxd8 Rxd8 13. O-O-O Nb6 14. Nxe5
Nxe5 15. dxe5 Be6 16. f4 Nc4 17. Bd4 Bh6 18. g3 Bf8 19. Bf2 a6 20. Nd5 Na5 21.
Kb1 Rac8 22. g4 Nc6 23. Bh4 Bxd5 24. exd5 Be7 25. dxc6 1-0

[Event "28. Abierto Ciudad de Sevilla"]
[Site "Sevilla ESP"]
[Date "2003.01.12"]
[Round "3"]
[White "Rustemov, Alexander"]
[Black "Tissir, Mohamed"]
[Result "1/2-1/2"]
[WhiteElo "2604"]
[BlackElo "2366"]
[PlyCount "158"]
[EventDate "2003.01.18"]
[EventType "swiss"]
[EventRounds "9"]
[EventCountry "ESP"]
[Source "lmi"]
[SourceDate "2003.01.10"]

1. c4 e6 2. g3 Nf6 3. Bg2 d5 4. d4 dxc4 5. Nf3 Bb4+ 6. Bd2 Be7 7. Qa4+ Nbd7 8.
Qxc4 O-O 9. O-O c5 10. Nc3 a6 11. dxc5 Bxc5 12. Qb3 h6 13. Ne1 Re8 14. Nd3 Ba7
15. Nf4 Nc5 16. Qc2 e5 17. Nfd5 Nxd5 18. Bxd5 Ne6 19. e3 Ng5 20. h4 Nh7 21.
Rfd1 Nf6 22. Bf3 Qe7 23. Ne4 Bf5 24. Bc3 Nxe4 25. Bxe4 Bxe4 26. Qxe4 f6 27. Rd5
Rad8 28. Rad1 Bb6 29. h5 Rxd5 30. Rxd5 Qf7 31. g4 Rd8 32. Rxd8+ Bxd8 33. b3 Qd7
34. Kg2 Be7 35. Qc4+ Kh8 36. Kg3 Bd8 37. Bb4 Bc7 38. e4 Bb6 39. Qd5 Qc7 40. Qd6
Qxd6 41. Bxd6 Kg8 42. f4 exf4+ 43. Kxf4 Bd4 44. Kf5 Kf7 45. a4 Bc3 46. b4 Bd4
47. e5 Bxe5 48. Bxe5 fxe5 49. Kxe5 Ke7 50. Kf5 Kf7 51. g5 hxg5 52. Kxg5 Ke7 53.
Kg6 Kf8 54. Kf5 Kf7 55. Ke5 Ke7 56. Kd5 Kd7 57. Kc5 Kc7 58. Kc4 Kc6 59. Kd4 Kd6
60. Ke4 Ke6 61. Kf4 Kf6 62. Kg4 Ke6 63. Kg5 Ke7 64. Kf5 Kf7 65. Ke5 Ke7 66. Kd5
Kd7 67. Kc5 Kc7 68. b5 axb5 69. axb5 Kd7 70. Kd5 Ke7 71. Ke5 Kd7 72. Kf5 Ke7
73. Kf4 Kf6 74. Kg4 Ke6 75. Kg5 Kf7 76. Kf5 Ke7 77. Ke5 Kd7 78. Kd5 Ke7 79. Ke5
Kd7 1/2-1/2

[Event "28. Abierto Ciudad de Sevilla"]
[Site "Sevilla ESP"]
[Date "2003.01.12"]
[Round "3"]
[White "Cheparinov, Ivan"]
[Black "Eisen, Lewis"]
[Result "1-0"]
[WhiteElo "2478"]
[BlackElo "2242"]
[PlyCount "95"]
[EventDate "2003.01.18"]
[EventType "swiss"]
[EventRounds "9"]
[EventCountry "ESP"]
[Source "lmi"]
[SourceDate "2003.01.10"]

1. e4 e5 2. Nf3 Nc6 3. Bb5 a6 4. Ba4 Nf6 5. O-O Be7 6. Re1 b5 7. Bb3 d6 8. c3
O-O 9. h3 Bb7 10. d4 Re8 11. Nbd2 Bf8 12. d5 Nb8 13. Nf1 Nbd7 14. Ng3 Nc5 15.
Bc2 c6 16. b4 Ncd7 17. dxc6 Bxc6 18. Bb3 h6 19. Nh2 Rc8 20. Ng4 Nxg4 21. hxg4
Nb6 22. g5 Nc4 23. gxh6 g6 24. Bxc4 bxc4 25. Be3 Qh4 26. Qd2 Be7 27. a4 Kh8 28.
b5 Ba8 29. bxa6 Rg8 30. Ne2 f5 31. f3 f4 32. Nxf4 exf4 33. Bxf4 Rcd8 34. Be3
Kh7 35. Qe2 Rc8 36. Rab1 g5 37. Bf2 Qxh6 38. Rb6 g4 39. fxg4 Qe6 40. Rb5 Rxg4
41. Qf3 Qg6 42. Qh3+ Kg8 43. Bd4 Bh4 44. a7 Bxe1 45. Qh8+ Kf7 46. Qxc8 Bf2+ 47.
Kxf2 Rf4+ 48. Kg1 1-0

[Event "28. Abierto Ciudad de Sevilla"]
[Site "Sevilla ESP"]
[Date "2003.01.12"]
[Round "3"]
[White "Razmyslov, Alexander"]
[Black "Rizouk, Aimen"]
[Result "1/2-1/2"]
[WhiteElo "2345"]
[BlackElo "2519"]
[PlyCount "69"]
[EventDate "2003.01.18"]
[EventType "swiss"]
[EventRounds "9"]
[EventCountry "ESP"]
[Source "lmi"]
[SourceDate "2003.01.10"]

1. e4 e5 2. Nf3 Nc6 3. d4 exd4 4. Nxd4 Bc5 5. Nxc6 Qf6 6. Qd2 dxc6 7. Qf4 Qe7
8. Nc3 Nf6 9. Be3 Bb4 10. Bd3 Ng4 11. Bd2 Bc5 12. f3 Nf2 13. Rf1 Bd6 14. Qe3
Nxd3+ 15. cxd3 Qh4+ 16. g3 Qxh2 17. O-O-O Qh5 18. d4 Bd7 19. d5 b6 20. g4 Qg6
21. g5 O-O-O 22. f4 Bc5 23. Qd3 cxd5 24. f5 Qd6 25. exd5 Rhe8 26. a3 Qe5 27.
Kb1 Kb7 28. Ka1 Bd6 29. Bf4 Qe7 30. f6 gxf6 31. Bxd6 Qxd6 32. Rxf6 Qe5 33. Rxf7
Be6 34. Rf2 Bg8 35. g6 1/2-1/2